Algebra lineal y geometría cartesiana

Сохранить в:
Библиографические подробности
Главный автор: Burgos Román, Juan de (Автор)
Формат:
Язык:испанский
Опубликовано: Madrid McGraw Hill 2000
Редактирование:2a. ed
Предметы:
Метки: Добавить метку
Нет меток, Требуется 1-ая метка записи!

MARC

LEADER 00000nam a2200000 a 4500
001 UCL3799
003 CL-VaPUC
008 031212e20000000SP |||||||||||||||||spa|d
020 |a 8448124375 
082 0 4 |a 512.5  |b BUR  |2 21 
100 0 |a Burgos Román, Juan de  |e author  |9 481202 
245 1 0 |a Algebra lineal y geometría cartesiana 
250 |a 2a. ed 
300 |a 627 p 
942 |c BK 
945 |d 20031212 00:00:00  |a cmena 
260 |a Madrid  |b McGraw Hill  |c 2000 
650 0 |a Álgebra   |x Matrices  |9 369268 
650 0 |a Análisis numérico   |9 259387 
650 0 |a Geometría   |9 264063 
650 0 |a Vectores  |9 317184 
650 0 |a Ecuaciones lineales   |9 342219 
583 |a last modification  |c 20031212 00:00:00  |k Rodrigo Vera 
999 |c 306804  |d 306802 
952 |0 0  |1 0  |4 0  |6 512_500000000000000_BUR_2000  |7 0  |8 A  |9 372115  |a BIBMAT  |b BIBMAT  |d 2019-11-21  |i 3973778  |o 512.5 BUR 2000  |p 3973778  |r 2025-01-07  |w 2019-11-21  |y BK  |k MAT 
952 |0 0  |1 0  |4 0  |6 512_500000000000000_BUR_2000  |7 0  |8 A  |9 372116  |a BIBMAT  |b BIBMAT  |d 2019-11-21  |i 3973786  |o 512.5 BUR 2000  |p 3973786  |r 2025-01-07  |w 2019-11-21  |y BK  |k MAT 
952 |0 0  |1 0  |4 0  |6 512_500000000000000_BUR_2000  |7 0  |8 A  |9 372117  |a BIBMAT  |b BIBMAT  |d 2019-11-21  |i 3973794  |o 512.5 BUR 2000  |p 3973794  |r 2025-01-07  |w 2019-11-21  |y BK  |k MAT